000 00790nam a2200253 i 4500
999 _c6155
_d6155
001 7108656
003 OSt
005 20190405161746.0
008 810206s1900 nyu 000 0 eng d
040 _cKSU
_dUtOrBLW
082 _aREF 232
_bE22L
090 _aBT301
_b.E3 1900
100 1 _aEdersheim, Alfred,
_d1825-1889
245 1 4 _aThe life and times of Jesus the Messiah / by the Rev. Alfred Edersheim
250 _aEighth edition, revised
264 1 _amichigan:
_bEerdmans Publishing HOuse:
_cc.1969
300 _a2 volumes ;695p.;vol.1
_c23 cm
336 _atext
_btxt
_2rdacontent
337 _aunmediated
_bn
_2rdamedia
338 _avolume
_bnc
_2rdacarrier
504 _a"List of authorities" volume 1, pages [xxi]-xxvi
600 0 0 _aJesus Christ
_vBiography
942 _2ddc
_cREF